rdm 20 premiers départements - Statistiques

Statistiques générales
  • Ce quiz a été pris 15 fois
    7 depuis la dernière actualisation
  • Le résultat moyen est 14 sur 20
Statistiques - réponses
Numéros Départements % Correct
1 ain
100%
2 aisne
100%
10 aube
100%
11 aude
100%
3 allier
86%
6 alpes maritimes
86%
19 correze
86%
5 hautes alpes
86%
7 ardèche
71%
9 ariège
71%
12 aveyron
71%
14 calvados
71%
15 cantal
71%
18 cher
71%
4 alpes de haute provence
57%
13 bouche du rhone
57%
8 ardennes
43%
20 corse
43%
16 charente
29%
17 charente maritime
29%
Aucun quiz correspondant
Distribution des résultats
% des personnes avec chaque résultat
Percentile par nombre de réponses
Votre historique - résultats
Vous n’avez pas pris ce quiz depuis la dernière actualisation